000 00462pab a2200169 454500
008 180718b2010 xxu||||| |||| 00| 0 eng d
100 _aRamazzotti, Paolo
245 _aIndustrial districts, social cohesion and economic decline in Italy
260 _c2010
300 _ap.955-974.
362 _aNov
650 _aIndustrial districts - Italy
650 _aIndustrial districts
773 _aCambridge Journal of Economics
908 _aN
909 _a89859
999 _c89859
_d89859